000 00697cab a2200253 4500
001 WB3309-39
008 090401t1997 xxu||||| |||| 00| 0 eng d
035 _a(Sirsi) u59913
041 _aeng
245 _aFifth programme of Scottish law reform
260 _c1997
350 _a0
490 _aScottish Office
_v(0247/97) 25 February 1997 (3)
520 _aThe Scottish Law Commission`s "Fifth programme of law reform" concentrates on reform of property law.
650 _aFIFTH PROGRAMME
650 _aPROPERTY LAW
650 _aREFORM
650 _aSCOTLAND
650 _aSCOTS LAW
650 _aSCOTTISH LAW COMMISSION
690 _aLAW
942 _n0
948 _c04/03/1997
999 _c36860
_d36860